[Event "La Cumbre Rusnak Memorial op"]
[Site "La Cumbre"]
[Date "2019.09.14"]
[Round "3.8"]
[White "Pereyra, Alex"]
[Black "Prado, Ignacio"]
[Result "0-1"]
[WhiteElo "1711"]
[BlackElo "2063"]
[PlyCount "47"]
[EventDate "2019.09.13"]
[EventType "swiss"]
[EventRounds "6"]
[EventCountry "ARG"]
[SourceTitle "EXT 2024"]
[Source "ChessBase"]
[SourceDate "2023.10.10"]
[SourceVersion "1"]
[SourceVersionDate "2023.10.10"]
[SourceQuality "1"]

1. d4 Nf6 2. Bf4 d5 3. e3 Bf5 4. Bd3 Bxd3 5. Qxd3 c6 6. Nf3 g6 7. h3 Bg7 8. Nbd2 0-0 9. 0-0 a5 10. c4 Nbd7 11. e4 dxc4 12. Nxc4 Nc5 13. Qe2 Ncxe4 14. Rfe1 Re8 15. Rad1 Ra6 16. Qc2 Qd5 17. b3 Qf5 18. Bh2 b5 19. Nce5 Nd6 20. Rc1 Nd5 21. Re2 b4 22. g4 Qc8 23. Rce1 Nc3 24. Re3 0-1

[Event "La Cumbre Turistic"]
[Site "La Cumbre"]
[Date "2019.09.12"]
[Round "7"]
[White "Gimenez Aguirre, Ismael Alejo"]
[Black "Prado, Ignacio"]
[Result "1-0"]
[WhiteElo "2234"]
[BlackElo "2063"]
[PlyCount "51"]
[EventDate "2019.09.09"]
[EventType "tourn"]
[EventRounds "9"]
[EventCountry "ARG"]
[SourceTitle "CBM 192 Extra"]
[Source "Chessbase"]
[SourceDate "2019.11.06"]
[SourceVersion "1"]
[SourceVersionDate "2019.11.06"]
[SourceQuality "1"]

1. e4 e5 2. Nf3 Nc6 3. Bb5 Nf6 4. 0-0 Be7 5. Re1 0-0 6. h3 d6 7. c3 g6 8. d4 exd4 9. cxd4 Bd7 10. Nc3 Re8 11. b3 a6 12. Bd3 Nb4 13. Bb1 c5 14. Bb2 Nh5 15. a3 Nc6 16. Nd5 Bf6 17. g4 Ng7 18. e5 dxe5 19. dxe5 Be7 20. Qd2 Ne6 21. Be4 Rc8 22. Rad1 Na5 23. Nf6+ Bxf6 24. exf6 Nd4 25. Nxd4 cxd4 26. Qh6 1-0

[Event "La Cumbre Turistic"]
[Site "La Cumbre"]
[Date "2019.09.09"]
[Round "1"]
[White "Prado, Ignacio"]
[Black "Suarez, Mauricio Josue"]
[Result "1/2-1/2"]
[WhiteElo "2063"]
[BlackElo "2168"]
[PlyCount "103"]
[EventDate "2019.09.09"]
[EventType "tourn"]
[EventRounds "9"]
[EventCountry "ARG"]
[SourceTitle "CBM 192 Extra"]
[Source "Chessbase"]
[SourceDate "2019.11.06"]
[SourceVersion "1"]
[SourceVersionDate "2019.11.06"]
[SourceQuality "1"]

1. c4 Nf6 2. g3 e6 3. Bg2 Be7 4. Nc3 d5 5. d4 0-0 6. c5 b6 7. cxb6 axb6 8. Nf3 Bb7 9. 0-0 c5 10. h3 Nc6 11. Bf4 cxd4 12. Nxd4 Nxd4 13. Qxd4 Nd7 14. Qd2 Ba6 15. Rfd1 Bf6 16. g4 Ne5 17. g5 Nc4 18. Qc1 Be5 19. Bxe5 Nxe5 20. Qf4 Ng6 21. Qg3 Rc8 22. Rd4 Qc7 23. Qxc7 Rxc7 24. e4 dxe4 25. Bxe4 Rc5 26. h4 Nxh4 27. Bxh7+ Kxh7 28. Rxh4+ Kg6 29. Kh2 Rd8 30. Rg1 Bb7 31. Ne2 Rxg5 32. Rxg5+ Kxg5 33. Rb4 Rd2 34. Rxb6 Bd5 35. Nc3 Rxf2+ 36. Kg1 Rg2+ 37. Kf1 Rc2 38. a4 Bc4+ 39. Ke1 Kf4 40. Rb4 Ke3 41. Rxc4 Kd3 42. Rb4 Rc1+ 43. Nd1 Ra1 44. Rb3+ Kc4 45. Ra3 Rxa3 46. bxa3 Kc5 47. Kd2 g5 48. Kd3 g4 49. Ke4 Kb6 50. Kf4 f5 51. Nf2 Ka5 52. Nxg4 1/2-1/2

[Event "ARG-ch sf U300 Apertura Termas"]
[Site "Termas de Rio Hondo"]
[Date "2019.03.16"]
[Round "1.7"]
[White "Prado, Ignacio"]
[Black "Damiano, Martin"]
[Result "1-0"]
[WhiteElo "1991"]
[BlackElo "1771"]
[PlyCount "77"]
[EventDate "2019.03.16"]
[EventType "swiss"]
[EventRounds "6"]
[EventCountry "ARG"]
[SourceTitle "EXT 2024"]
[Source "ChessBase"]
[SourceDate "2023.10.10"]
[SourceVersion "1"]
[SourceVersionDate "2023.10.10"]
[SourceQuality "1"]

1. e4 c5 2. Nf3 d6 3. d4 cxd4 4. Nxd4 Nf6 5. Nc3 a6 6. Be3 e5 7. Nf3 Be6 8. Ng5 Bg4 9. f3 Bh5 10. Qd2 Nbd7 11. 0-0-0 Qc7 12. g4 h6 13. h4 Bg6 14. Nh3 Qa5 15. Kb1 0-0-0 16. Bc4 b5 17. Nxb5 Qxd2 18. Na7+ Kb7 19. Rxd2 Nb6 20. Bxa6+ Kxa6 21. Nc6 Rc8 22. Nb4+ Kb7 23. b3 Nfd7 24. a4 Rc3 25. Re1 Be7 26. h5 Bh7 27. a5 Nc8 28. Kb2 Rc7 29. Nd5 Rc6 30. b4 Bh4 31. Ra1 Ne7 32. b5 Rc4 33. a6+ Ka8 34. b6 Nxd5 35. b7+ Kb8 36. Rxd5 Bxe4 37. fxe4 Rxe4 38. Rb5 Kc7 39. a7 1-0

[Event "ARG-ch U16"]
[Site "Villa Martelli"]
[Date "2018.02.13"]
[Round "9.1"]
[White "Prado, Ignacio"]
[Black "Marconi, Nicolas"]
[Result "1-0"]
[WhiteElo "1773"]
[BlackElo "1630"]
[PlyCount "63"]
[EventDate "2018.02.09"]
[EventType "swiss"]
[EventRounds "9"]
[EventCountry "ARG"]
[SourceTitle "EXT 2024"]
[Source "ChessBase"]
[SourceDate "2023.10.10"]
[SourceVersion "1"]
[SourceVersionDate "2023.10.10"]
[SourceQuality "1"]

1. Nf3 f5 2. d4 Nf6 3. g3 g6 4. Bg2 Bg7 5. 0-0 0-0 6. c4 d6 7. Nc3 Qe8 8. d5 Na6 9. Be3 c6 10. Qd2 e5 11. dxc6 e4 12. cxb7 Bxb7 13. Nd4 Rd8 14. Bh6 Ng4 15. Bxg7 e3 16. Bd5+ Bxd5 17. fxe3 Bg2 18. Rf4 Kxg7 19. Kxg2 Nxe3+ 20. Kg1 g5 21. Rf3 f4 22. b3 Nc5 23. Nd5 Ne4 24. Qb2 Nf6 25. Nxe3 fxe3 26. Nf5+ Kg6 27. Raf1 Qe4 28. Nh4+ gxh4 29. Rxf6+ Rxf6 30. Qxf6+ Kh5 31. Rf5+ Kg4 32. Rf4+ 1-0

[Event "ARG-ch sf U2300 Rojas Memorial"]
[Site "Santiago del Estero"]
[Date "2018.01.13"]
[Round "1.3"]
[White "Rodriguez, Luis Jose Lucio"]
[Black "Prado, Ignacio"]
[Result "1-0"]
[WhiteElo "2030"]
[BlackElo "1843"]
[PlyCount "107"]
[EventDate "2018.01.13"]
[EventType "swiss"]
[EventRounds "6"]
[EventCountry "ARG"]
[SourceTitle "EXT 2024"]
[Source "ChessBase"]
[SourceDate "2023.10.10"]
[SourceVersion "1"]
[SourceVersionDate "2023.10.10"]
[SourceQuality "1"]

1. d4 Nf6 2. c4 e6 3. Nc3 Bb4 4. a3 Bxc3+ 5. bxc3 h6 6. e3 b6 7. Bd3 Bb7 8. f3 0-0 9. Ne2 d6 10. 0-0 Nbd7 11. Ng3 c5 12. e4 Rc8 13. f4 d5 14. cxd5 exd5 15. e5 Ne8 16. f5 cxd4 17. cxd4 Qh4 18. Rf4 Qd8 19. Rg4 Kh8 20. f6 Nexf6 21. exf6 Nxf6 22. Rf4 Re8 23. Qf1 Rc7 24. Bd2 Ne4 25. Bxe4 dxe4 26. Be3 Rc3 27. Re1 Bd5 28. Nf5 Re6 29. Nxg7 Rg6 30. Nf5 Bc4 31. Qf2 Rxa3 32. Qh4 Qg5 33. Qxg5 hxg5 34. Rxe4 Ra2 35. Bf2 b5 36. Re5 b4 37. d5 f6 38. Re8+ Rg8 39. Rxg8+ Kxg8 40. Re8+ Kh7 41. Re7+ Kg8 42. Rxa7 Rd2 43. Ne3 b3 44. Nxc4 Rd1+ 45. Be1 Rxe1+ 46. Kf2 Rc1 47. Nd2 Rc2 48. Ke3 b2 49. Rb7 Rc3+ 50. Kd4 Rc2 51. Nc4 Rxg2 52. Rxb2 Rg4+ 53. Kc5 Re4 54. Rb8+ 1-0

[Event "South-America-chT U14 22th"]
[Site "Medellin"]
[Date "2016.12.15"]
[Round "6.3"]
[White "Castro Silva, Moises Antonio"]
[Black "Prado, Ignacio"]
[Result "0-1"]
[WhiteElo "1781"]
[BlackElo "1660"]
[PlyCount "84"]
[EventDate "2016.12.12"]
[EventType "team-tourn"]
[EventRounds "9"]
[EventCountry "COL"]
[SourceTitle "EXT 2024"]
[Source "ChessBase"]
[SourceDate "2023.10.10"]
[SourceVersion "1"]
[SourceVersionDate "2023.10.10"]
[SourceQuality "1"]
[WhiteTeam "Venezuela"]
[BlackTeam "Argentina"]
[WhiteTeamCountry "VEN"]
[BlackTeamCountry "ARG"]

1. e4 c5 2. Nf3 d6 3. d4 cxd4 4. Nxd4 Nf6 5. Nc3 g6 6. Be2 Bg7 7. Be3 0-0 8. 0-0 Bd7 9. Kh1 Nc6 10. Nb3 Ne5 11. f4 Neg4 12. Bg1 Nh6 13. Bf3 Bc6 14. g4 Nfxg4 15. Bxg4 Nxg4 16. Qxg4 Bxc3 17. bxc3 Bxe4+ 18. Rf3 Qc8 19. Qg2 Qc6 20. Nd4 Bxf3 21. Nxf3 Qxc3 22. Bd4 Qc6 23. Re1 Rfe8 24. Kg1 Qd5 25. c3 f6 26. Qg3 e5 27. fxe5 dxe5 28. Bf2 Qxa2 29. Qh4 Qf7 30. Bg3 a5 31. Rf1 Qe6 32. Qh6 a4 33. Bh4 a3 34. Qc1 a2 35. Qb2 Qg4+ 36. Kf2 e4 37. Ng1 Qxh4+ 38. Kg2 Qg4+ 39. Kh1 e3 40. Ra1 Qe4+ 41. Qg2 Qxg2+ 42. Kxg2 e2 0-1

[Event "South-America-chT U14 22th"]
[Site "Medellin"]
[Date "2016.12.15"]
[Round "5.3"]
[White "Prado, Ignacio"]
[Black "Gomez Huaraya, Jesus Miguel"]
[Result "0-1"]
[WhiteElo "1660"]
[BlackElo "1892"]
[PlyCount "108"]
[EventDate "2016.12.12"]
[EventType "team-tourn"]
[EventRounds "9"]
[EventCountry "COL"]
[SourceTitle "EXT 2024"]
[Source "ChessBase"]
[SourceDate "2023.10.10"]
[SourceVersion "1"]
[SourceVersionDate "2023.10.10"]
[SourceQuality "1"]
[WhiteTeam "Argentina"]
[BlackTeam "Peru"]
[WhiteTeamCountry "ARG"]
[BlackTeamCountry "PER"]

1. e4 c5 2. Nf3 Nc6 3. d4 cxd4 4. Nxd4 g6 5. c4 Nf6 6. Nc3 Nxd4 7. Qxd4 d6 8. Be2 Bg7 9. Be3 0-0 10. Qd2 Be6 11. Rb1 Rc8 12. b3 a6 13. 0-0 Nd7 14. Rfc1 Kh8 15. f3 f5 16. Kh1 Be5 17. exf5 Bxf5 18. Bd3 Bxd3 19. Qxd3 Rf5 20. Qd2 Qf8 21. Rf1 b5 22. Bh6 Qd8 23. g4 Rf7 24. Qd5 Qg8 25. Ne4 Nc5 26. Ng5 Rf6 27. Qxg8+ Kxg8 28. b4 Ne6 29. Nxe6 Rxe6 30. cxb5 axb5 31. Rfc1 Ra8 32. Rc2 Bg7 33. Bxg7 Kxg7 34. Rb3 Re1+ 35. Kg2 Ra1 36. Rbb2 g5 37. Re2 Ra7 38. Red2 h6 39. Kf2 Kf6 40. Re2 e6 41. Kg3 Rg1+ 42. Kf2 Rd1 43. Red2 Rxd2+ 44. Rxd2 d5 45. Kg3 Ra4 46. Rb2 Ke5 47. Re2+ Kd6 48. Rb2 d4 49. f4 Ra3+ 50. Rb3 Rxb3+ 51. axb3 d3 52. Kf3 gxf4 53. h4 e5 54. h5 Ke6 0-1